[Event "Sochi Lobanov Memorial Rapid"]
[Site "Sochi"]
[Date "2021.06.25"]
[Round "6"]
[White "Bratov, Ademir"]
[Black "Ryzhkov, Vjacheslav"]
[Result "1/2-1/2"]
[WhiteElo "1854"]
[BlackElo "2138"]
[PlyCount "85"]
[EventDate "2021.06.24"]
[EventType "swiss (rapid)"]
[EventRounds "9"]
[EventCountry "RUS"]
[SourceTitle "CBM 203 Extra"]
[Source "ChessBase"]
[SourceDate "2021.09.30"]
[SourceVersion "1"]
[SourceVersionDate "2021.09.30"]
[SourceQuality "1"]

1. e4 e6 2. d4 d5 3. e5 c5 4. c3 Qb6 5. Nf3 Nc6 6. a3 c4 7. Nbd2 f6 8. b3 fxe5 9. Nxe5 Nxe5 10. dxe5 Bc5 11. Qe2 cxb3 12. Qb5+ Bd7 13. Qxb6 Bxb6 14. Nxb3 Rc8 15. Bd2 Ne7 16. Bd3 Nc6 17. f4 0-0 18. 0-0-0 Na5 19. Nxa5 Bxa5 20. Kb2 Rc6 21. c4 Bxd2 22. Rxd2 Rxf4 23. cxd5 exd5 24. Bc2 Be6 25. Bb3 d4 26. Bxe6+ Rxe6 27. Re1 Kf7 28. Kb3 Rc6 29. Rd3 Ke6 30. g3 Rf2 31. Rxd4 Rxh2 32. Rd8 Rc7 33. Rd6+ Ke7 34. a4 Rh3 35. Re3 h5 36. Rd4 g5 37. Kb4 Rc1 38. e6 Rc7 39. Rd5 h4 40. Rxg5 Rxg3 41. Rgxg3 hxg3 42. Rxg3 Kxe6 43. Rg6+ 1/2-1/2

[Event "Hastings Masters op 95th"]
[Site "Hastings"]
[Date "2020.01.05"]
[Round "9"]
[White "Lehaci, Miruna Daria"]
[Black "Ryzhkov, Vjacheslav"]
[Result "1-0"]
[WhiteElo "2214"]
[BlackElo "2134"]
[PlyCount "107"]
[EventDate "2019.12.28"]
[EventType "swiss"]
[EventRounds "9"]
[EventCountry "ENG"]
[SourceTitle "CBM 194 Extra"]
[Source "ChessBase"]
[SourceDate "2020.03.31"]
[SourceVersion "1"]
[SourceVersionDate "2020.03.31"]
[SourceQuality "1"]

1. d4 e6 2. Nf3 d5 3. c4 Nf6 4. Nc3 Be7 5. Bf4 0-0 6. e3 Nbd7 7. cxd5 Nxd5 8. Nxd5 exd5 9. Bd3 Bb4+ 10. Nd2 Nf6 11. 0-0 Re8 12. Rc1 c6 13. h3 Bd6 14. Bxd6 Qxd6 15. Qc2 g6 16. a3 Nh5 17. Rfe1 Ng7 18. Qc3 Be6 19. e4 Rad8 20. e5 Qd7 21. Nb3 Bf5 22. Nc5 Qc8 23. Bf1 Ne6 24. Nxe6 Bxe6 25. b4 a6 26. Re3 h5 27. a4 Qd7 28. Qc5 Qe7 29. Qb6 Ra8 30. Rec3 Reb8 31. Bd3 Qh4 32. Bb1 Kg7 33. Rg3 Qf4 34. Rd1 h4 35. Rf3 Qg5 36. Kf1 Qe7 37. Rf6 Rh8 38. Bd3 Qd7 39. Qc5 Rae8 40. Qc1 Rh5 41. Qf4 Reh8 42. Qe3 Qe7 43. Rb1 Qd7 44. Be2 R5h6 45. Qg5 Re8 46. Bd3 Reh8 47. Be2 Re8 48. b5 axb5 49. axb5 Ra8 50. b6 Ra2 51. Bg4 Bxg4 52. hxg4 Rh8 53. e6 h3 54. gxh3 1-0

[Event "Terre degli Elimi op 6th"]
[Site "Erice"]
[Date "2015.08.04"]
[Round "9"]
[White "Aranaz Murillo, Amalia"]
[Black "Ryzhkov, Vjacheslav"]
[Result "1-0"]
[WhiteElo "2287"]
[BlackElo "2144"]
[PlyCount "69"]
[EventDate "2015.07.28"]
[EventType "swiss"]
[EventRounds "9"]
[EventCountry "ITA"]
[SourceTitle "EXT 2017"]
[Source "ChessBase"]
[SourceDate "2016.10.25"]
[SourceVersion "1"]
[SourceVersionDate "2016.10.25"]
[SourceQuality "1"]

1. Nf3 f5 2. c4 Nf6 3. g3 d6 4. d4 e6 5. Bg2 Be7 6. 0-0 0-0 7. b4 a5 8. b5 Ne4 9. Bb2 Bf6 10. Nbd2 Nxd2 11. Qxd2 a4 12. Rac1 c6 13. bxc6 bxc6 14. Ba3 Qc7 15. Qb4 Rd8 16. Rfd1 Ra7 17. Rb1 Na6 18. Qb6 Rb7 19. Qxc7 Nxc7 20. e3 d5 21. cxd5 cxd5 22. Bf1 Kf7 23. Rxb7 Bxb7 24. Rb1 Ba6 25. Bxa6 Nxa6 26. Rb7+ Kg6 27. Ra7 Nb8 28. Rxa4 Nc6 29. Ra6 Rc8 30. Bc5 Nd8 31. Rb6 Ra8 32. a3 Kh5 33. Ne1 Ra4 34. Nd3 g5 35. Bb4 1-0

[Event "Terre degli Elimi op 6th"]
[Site "Erice"]
[Date "2015.07.30"]
[Round "3"]
[White "Milliet, Sophie"]
[Black "Ryzhkov, Vjacheslav"]
[Result "1/2-1/2"]
[WhiteElo "2383"]
[BlackElo "2144"]
[PlyCount "64"]
[EventDate "2015.07.28"]
[EventType "swiss"]
[EventRounds "9"]
[EventCountry "ITA"]
[SourceTitle "EXT 2017"]
[Source "ChessBase"]
[SourceDate "2016.10.25"]
[SourceVersion "1"]
[SourceVersionDate "2016.10.25"]
[SourceQuality "1"]

1. e4 e6 2. d4 d5 3. Nc3 Nf6 4. e5 Nfd7 5. f4 c5 6. Nf3 Nc6 7. Be3 Be7 8. Qd2 0-0 9. a3 b6 10. g3 f5 11. exf6 Nxf6 12. 0-0-0 c4 13. Ne5 Qc7 14. Bg2 b5 15. Nxb5 Qb6 16. Nxc6 Qxc6 17. Nc3 Rb8 18. Nb1 Bd7 19. Rde1 Rb6 20. Re2 Rfb8 21. c3 Qa4 22. Qd1 Qa5 23. f5 exf5 24. Bf4 R8b7 25. b4 Ne4 26. Bxe4 fxe4 27. Rf2 Qb5 28. h4 a5 29. Bg5 Bd6 30. Bf4 Be7 31. Bg5 Bd6 32. Bf4 Be7 1/2-1/2

[Event "Terre degli Elimi op 6th"]
[Site "Erice"]
[Date "2015.07.29"]
[Round "2"]
[White "Ryzhkov, Vjacheslav"]
[Black "Kholopov, Alexander A"]
[Result "1/2-1/2"]
[WhiteElo "2144"]
[BlackElo "2329"]
[PlyCount "175"]
[EventDate "2015.07.28"]
[EventType "swiss"]
[EventRounds "9"]
[EventCountry "ITA"]
[SourceTitle "EXT 2017"]
[Source "ChessBase"]
[SourceDate "2016.10.25"]
[SourceVersion "1"]
[SourceVersionDate "2016.10.25"]
[SourceQuality "1"]

1. e4 e6 2. d4 d5 3. e5 c5 4. c3 Qb6 5. Nf3 Bd7 6. Be2 cxd4 7. cxd4 Bb5 8. Bxb5+ Qxb5 9. Nc3 Qa6 10. Qe2 Qxe2+ 11. Kxe2 Nc6 12. Be3 f6 13. exf6 gxf6 14. Rhe1 Kd7 15. g4 Nge7 16. a3 Rc8 17. g5 Bg7 18. Rad1 Nf5 19. Kf1 fxg5 20. Nxg5 Ncxd4 21. Nxe6 Nxe6 22. Rxd5+ Nd6 23. Ne4 Rc6 24. Red1 Bf8 25. Bxa7 Kc7 26. Nc5 Nxc5 27. Bxc5 Rg8 28. b4 b6 29. Be3 Rc4 30. a4 Rxb4 31. a5 Nc4 32. Rd7+ Kc6 33. Bxb6 Nxb6 34. axb6 Rg7 35. Rd8 Bc5 36. Rc1 Kxb6 37. Rb8+ Ka7 38. Rd8 Bb6 39. Rf8 Rbg4 40. Rcc8 Rh4 41. Ra8+ Kb7 42. Rab8+ Kc7 43. Rfc8+ Kd7 44. Rc2 Bd4 45. Rb7+ Kd6 46. Rxg7 Bxg7 47. Kg2 Be5 48. h3 Kd5 49. Ra2 Rh6 50. Ra3 Rg6+ 51. Kf3 Bd4 52. Ra5+ Bc5 53. Ra2 Rf6+ 54. Kg3 h5 55. Re2 Bd6+ 56. Kg2 Be5 57. Ra2 Ke4 58. Re2+ Kf4 59. Re3 Kf5 60. Rf3+ Bf4 61. Ra3 Rb6 62. Ra5+ Be5 63. Ra4 Rg6+ 64. Kf3 Rg1 65. Ra3 Rb1 66. Kg2 Rb2 67. Ra4 Rd2 68. Ra3 Bd4 69. Rf3+ Ke4 70. Rf7 Ra2 71. Rf3 Rb2 72. Rf7 h4 73. Rf3 Rb7 74. Rf8 Rg7+ 75. Kf1 Rg6 76. Rf7 Be5 77. Rh7 Kf3 78. Rf7+ Bf4 79. Rb7 Rc6 80. Rb3+ Ke4 81. Rb4+ Ke5 82. Kg2 Rc2 83. Rb3 Ra2 84. Rb5+ Ke6 85. Rb6+ Kd5 86. Rb3 Bg3 87. Rf3 Ke4 88. Rf7 1/2-1/2

[Event "Terre degli Elimi op 6th"]
[Site "Erice"]
[Date "2015.07.28"]
[Round "1"]
[White "Pinho, Tiago"]
[Black "Ryzhkov, Vjacheslav"]
[Result "0-1"]
[WhiteElo "1887"]
[BlackElo "2144"]
[PlyCount "60"]
[EventDate "2015.07.28"]
[EventType "swiss"]
[EventRounds "9"]
[EventCountry "ITA"]
[SourceTitle "EXT 2017"]
[Source "ChessBase"]
[SourceDate "2016.10.25"]
[SourceVersion "1"]
[SourceVersionDate "2016.10.25"]
[SourceQuality "1"]

1. c4 f5 2. Nc3 Nf6 3. g3 d6 4. Bg2 e5 5. d3 g6 6. e4 Nc6 7. Nge2 Bg7 8. Rb1 0-0 9. f3 f4 10. 0-0 fxg3 11. Nxg3 Nd4 12. b4 h5 13. Bg5 Ne6 14. Qd2 Nxg5 15. Qxg5 Kh7 16. Nd5 c6 17. Nxf6+ Bxf6 18. Qe3 Bg5 19. Qf2 h4 20. Ne2 h3 21. Bh1 Bd2 22. Rfd1 Qg5+ 23. Kf1 Bg4 24. Rb2 Bxf3 25. Bxf3 Rxf3 26. Qxf3 Rf8 27. Rdxd2 Rxf3+ 28. Ke1 Qg2 29. Ng3 Qg1+ 30. Ke2 Re3# 0-1

[Event "Porto Mannu op 7th"]
[Site "Porto Mannu"]
[Date "2015.06.10"]
[Round "6"]
[White "Ryzhkov, Vjacheslav"]
[Black "Tischbierek, Raj"]
[Result "0-1"]
[WhiteElo "2151"]
[BlackElo "2442"]
[PlyCount "46"]
[EventDate "2015.06.06"]
[EventType "swiss"]
[EventRounds "9"]
[EventCountry "ITA"]
[SourceTitle "CBM 166 Extra"]
[Source "ChessBase"]
[SourceDate "2015.06.18"]
[SourceVersion "1"]
[SourceVersionDate "2015.06.18"]
[SourceQuality "1"]

1. e4 g6 2. d4 d6 3. Nc3 Bg7 4. f4 a6 5. Nf3 b5 6. Bd3 Nd7 7. 0-0 c5 8. Be3 cxd4 9. Nxd4 Ngf6 10. e5 dxe5 11. Nc6 Qc7 12. Nxe5 0-0 13. Nxd7 Bxd7 14. f5 b4 15. Ne4 Nd5 16. Bg5 Bxf5 17. g4 Be6 18. Qf3 Rae8 19. Kh1 Bc8 20. Rad1 Bb7 21. Qh3 Nf6 22. Rde1 Qc8 23. Rxf6 exf6 0-1

[Event "Porto Mannu op 6th"]
[Site "Porto Mannu"]
[Date "2014.06.14"]
[Round "9"]
[White "Grinblat, Artemiy"]
[Black "Ryzhkov, Vjacheslav"]
[Result "1/2-1/2"]
[WhiteElo "2036"]
[BlackElo "2162"]
[PlyCount "23"]
[EventDate "2014.06.07"]
[EventType "swiss"]
[EventRounds "9"]
[EventCountry "ITA"]
[SourceTitle "CBM 160 Extra"]
[Source "ChessBase"]
[SourceDate "2014.07.01"]
[SourceVersion "1"]
[SourceVersionDate "2014.07.01"]
[SourceQuality "1"]

1. d4 d5 2. c4 c6 3. Nc3 Nf6 4. cxd5 cxd5 5. Nf3 Nc6 6. Bf4 Bf5 7. e3 e6 8. Bd3 Bxd3 9. Qxd3 Bd6 10. Bxd6 Qxd6 11. 0-0 0-0 12. Rac1 1/2-1/2

[Event "Porto Mannu op 6th"]
[Site "Porto Mannu"]
[Date "2014.06.07"]
[Round "1"]
[White "Aghayev, Miragha"]
[Black "Ryzhkov, Vjacheslav"]
[Result "1-0"]
[WhiteElo "2370"]
[BlackElo "2162"]
[PlyCount "143"]
[EventDate "2014.06.07"]
[EventType "swiss"]
[EventRounds "9"]
[EventCountry "ITA"]
[SourceTitle "CBM 160 Extra"]
[Source "ChessBase"]
[SourceDate "2014.07.01"]
[SourceVersion "1"]
[SourceVersionDate "2014.07.01"]
[SourceQuality "1"]

1. e4 e6 2. d4 d5 3. Nd2 c5 4. Ngf3 cxd4 5. exd5 Qxd5 6. Bc4 Qd6 7. 0-0 Nf6 8. Nb3 Nc6 9. Nbxd4 Nxd4 10. Nxd4 a6 11. c3 Qc7 12. Qe2 Bd6 13. h3 0-0 14. Bb3 e5 15. Nc2 Re8 16. Rd1 Be6 17. Bxe6 Rxe6 18. Ne3 e4 19. Nf5 Bh2+ 20. Kh1 Bf4 21. Bxf4 Qxf4 22. Ne3 Qc7 23. Nd5 Nxd5 24. Rxd5 e3 25. fxe3 Rae8 26. Rad1 g6 27. R1d3 f5 28. Qf2 Qe7 29. Rd7 Qg5 30. Rxb7 Rxe3 31. Rxe3 Rxe3 32. Rb8+ Kg7 33. Rb7+ Kg8 34. Rb4 Qe7 35. Qf4 Re5 36. Kh2 a5 37. Rb8+ Kg7 38. Rb7 Qxb7 39. Qxe5+ Kh6 40. c4 Qb4 41. Qf4+ g5 42. Qd4 Qb8+ 43. Kh1 Kh5 44. c5 Qg3 45. Qc3 Qc7 46. Qf3+ Kg6 47. c6 Qe5 48. Qc3 Qc7 49. Kg1 h5 50. Kf2 g4 51. h4 Qf4+ 52. Ke2 Qe4+ 53. Kd1 Qxg2 54. c7 Qh1+ 55. Kd2 Qg2+ 56. Kc1 Qh1+ 57. Kc2 Qe4+ 58. Kb3 Qb7+ 59. Ka4 Qc8 60. Kxa5 f4 61. Qc6+ Kg7 62. Qc3+ Kg6 63. Qd3+ Kg7 64. Qd4+ Kh7 65. Qe4+ Kg7 66. Qxf4 Qe6 67. Qg5+ Kh7 68. Qxh5+ Kg7 69. a4 g3 70. Qg5+ Kh7 71. Qxg3 Qd5+ 72. Kb4 1-0

[Event "Jastrzebskie op"]
[Site "Ustron"]
[Date "2013.08.26"]
[Round "3"]
[White "Ryzhkov, Vjacheslav"]
[Black "Nedostup, Daniil"]
[Result "1/2-1/2"]
[WhiteElo "2148"]
[BlackElo "2193"]
[PlyCount "24"]
[EventDate "2013.08.25"]
[EventType "swiss"]
[EventRounds "7"]
[EventCountry "POL"]
[SourceTitle "CBM 156 Extra"]
[Source "ChessBase"]
[SourceDate "2013.10.22"]
[SourceVersion "1"]
[SourceVersionDate "2013.10.22"]
[SourceQuality "1"]

1. e4 e6 2. d4 d5 3. Nd2 dxe4 4. Nxe4 Nd7 5. Nf3 Ngf6 6. Nxf6+ Nxf6 7. Be2 c5 8. 0-0 cxd4 9. Qxd4 Qxd4 10. Nxd4 Be7 11. Bb5+ Bd7 12. Bxd7+ Nxd7 1/2-1/2

[Event "Arber op 1st"]
[Site "Bayerisch Eisenstein"]
[Date "2012.08.25"]
[Round "8"]
[White "Ryzhkov, Vjacheslav"]
[Black "Straub, Hermann"]
[Result "1-0"]
[WhiteElo "1995"]
[BlackElo "1907"]
[PlyCount "39"]
[EventDate "2012.08.18"]
[EventType "swiss"]
[EventRounds "9"]
[EventCountry "GER"]
[SourceTitle "CBM 150 Extra"]
[Source "ChessBase"]
[SourceDate "2012.10.19"]
[SourceVersion "1"]
[SourceVersionDate "2012.10.19"]
[SourceQuality "1"]

1. e4 b6 2. d4 Bb7 3. Bd3 Nf6 4. Qe2 Nc6 5. c3 e5 6. Nf3 exd4 7. cxd4 Nb4 8. Bc4 d5 9. exd5+ Qe7 10. Bb5+ Kd8 11. Ne5 a6 12. Bc6 Bxc6 13. dxc6 Nbd5 14. 0-0 g6 15. Bg5 h6 16. Bxf6 Qxf6 17. Qe4 Nf4 18. Nc3 Bd6 19. Nd5 Nxd5 20. Qxd5 1-0

[Event "Arber op 1st"]
[Site "Bayerisch Eisenstein"]
[Date "2012.08.24"]
[Round "7"]
[White "Ryzhkov, Vjacheslav"]
[Black "Gerl, Hans Peter"]
[Result "1/2-1/2"]
[WhiteElo "1995"]
[BlackElo "1909"]
[PlyCount "46"]
[EventDate "2012.08.18"]
[EventType "swiss"]
[EventRounds "9"]
[EventCountry "GER"]
[SourceTitle "CBM 150 Extra"]
[Source "ChessBase"]
[SourceDate "2012.10.19"]
[SourceVersion "1"]
[SourceVersionDate "2012.10.19"]
[SourceQuality "1"]

1. e4 c5 2. c3 Nf6 3. e5 Nd5 4. d4 cxd4 5. cxd4 Nc6 6. Nc3 Nxc3 7. bxc3 e6 8. Nf3 d6 9. exd6 Bxd6 10. Bd3 Bd7 11. 0-0 Be7 12. Rb1 b6 13. Bf4 0-0 14. Re1 Bf6 15. Nd2 Re8 16. Nc4 Ne7 17. Nd6 Rf8 18. Ne4 Nd5 19. Bd6 Be7 20. Qh5 g6 21. Bxe7 Qxe7 22. Qh6 f5 23. Ng5 Nxc3 1/2-1/2

[Event "Arber op 1st"]
[Site "Bayerisch Eisenstein"]
[Date "2012.08.22"]
[Round "5"]
[White "Krasnopeyeva, Julia"]
[Black "Ryzhkov, Vjacheslav"]
[Result "1-0"]
[WhiteElo "1920"]
[BlackElo "1995"]
[PlyCount "111"]
[EventDate "2012.08.18"]
[EventType "swiss"]
[EventRounds "9"]
[EventCountry "GER"]
[SourceTitle "CBM 150 Extra"]
[Source "ChessBase"]
[SourceDate "2012.10.19"]
[SourceVersion "1"]
[SourceVersionDate "2012.10.19"]
[SourceQuality "1"]

1. e4 e6 2. d4 d5 3. Nc3 Bb4 4. e5 c5 5. a3 Bxc3+ 6. bxc3 Ne7 7. Nf3 b6 8. Bb5+ Bd7 9. Bd3 Ba4 10. h4 h6 11. h5 c4 12. Be2 Kd7 13. 0-0 Qg8 14. Bf4 Qh7 15. Rc1 Na6 16. Qd2 Nc7 17. Ne1 Raf8 18. Bg4 g5 19. Bg3 Nf5 20. Rb1 Kc6 21. Rb4 a5 22. Rb1 Ne8 23. Bh2 Nh4 24. Qe2 Kb7 25. Rb2 Rhg8 26. Qd1 Nc7 27. Qb1 b5 28. Qd1 Ra8 29. Qe2 Kc6 30. Bg3 Nf5 31. Bh2 Rgb8 32. Qf3 Ra7 33. Qh3 Ne7 34. f4 gxf4 35. Rxf4 Ng8 36. Qf3 Na6 37. Ra2 Rb6 38. Qf2 Nb8 39. Rf3 Qe4 40. Rf4 Qh7 41. Ra1 b4 42. axb4 axb4 43. cxb4 Rxb4 44. Qd2 Rbb7 45. Qe3 Kd7 46. Qa3 Ke8 47. Bxe6 Bc6 48. Qd6 Rxa1 49. Bxf7+ Qxf7 50. Rxf7 Kxf7 51. Kf2 Ra6 52. Qg6+ Kf8 53. e6 Be8 54. Qf5+ Ke7 55. Qh7+ Kxe6 56. Qxb7 1-0

[Event "Arber op 1st"]
[Site "Bayerisch Eisenstein"]
[Date "2012.08.21"]
[Round "4"]
[White "Ryzhkov, Vjacheslav"]
[Black "Deglmann, Ludwig"]
[Result "0-1"]
[WhiteElo "1995"]
[BlackElo "2270"]
[PlyCount "56"]
[EventDate "2012.08.18"]
[EventType "swiss"]
[EventRounds "9"]
[EventCountry "GER"]
[SourceTitle "CBM 150 Extra"]
[Source "ChessBase"]
[SourceDate "2012.10.19"]
[SourceVersion "1"]
[SourceVersionDate "2012.10.19"]
[SourceQuality "1"]

1. e4 e6 2. d4 d5 3. Nc3 Bb4 4. e5 c5 5. a3 Bxc3+ 6. bxc3 Qc7 7. h4 cxd4 8. cxd4 Qc3+ 9. Bd2 Qxd4 10. Nf3 Qe4+ 11. Be2 Nc6 12. Bc3 Nh6 13. 0-0 Nf5 14. g3 Ne3 15. fxe3 Qxe3+ 16. Kh2 Qxc3 17. Ng5 Nxe5 18. Bb5+ Ke7 19. Nxf7 Nxf7 20. Rxf7+ Kxf7 21. Qh5+ Ke7 22. Rf1 Kd6 23. Qf7 Rd8 24. Rf3 Qe5 25. Be8 Rxe8 26. Qxe8 Qe2+ 27. Kg1 Qxf3 28. Qd8+ Bd7 0-1

[Event "Stockholm op"]
[Site "Stockholm"]
[Date "2011.08.21"]
[Round "9"]
[White "Logdahl, Harald"]
[Black "Ryzhkov, Vjacheslav"]
[Result "0-1"]
[WhiteElo "2251"]
[BlackElo "2109"]
[PlyCount "42"]
[EventDate "2011.06.01"]
[EventType "swiss"]
[EventRounds "7"]
[EventCountry "SWE"]
[SourceTitle "CBM 142 Extra"]
[Source "ChessBase"]
[SourceDate "2011.06.27"]
[SourceVersion "1"]
[SourceVersionDate "2011.06.27"]
[SourceQuality "1"]

1. e4 e6 2. d4 d5 3. Nd2 c5 4. exd5 Qxd5 5. Ngf3 cxd4 6. Bc4 Qd6 7. Qe2 Nf6 8. Nb3 Nc6 9. Bg5 a6 10. 0-0-0 b5 11. Bd3 Bb7 12. Nbxd4 Nxd4 13. Nxd4 Qd5 14. Bxf6 gxf6 15. Nxb5 Qxa2 16. Nc7+ Ke7 17. c3 Rc8 18. Nxa6 Bh6+ 19. Kc2 Bd5 20. Bb5 Bb3+ 21. Kd3 Rhd8+ 0-1

[Event "Chigorin Memorial 18th"]
[Site "St Petersburg"]
[Date "2010.11.01"]
[Round "5"]
[White "Maevsky, Nikolay"]
[Black "Ryzhkov, Vjacheslav"]
[Result "1-0"]
[WhiteElo "2302"]
[BlackElo "2104"]
[PlyCount "69"]
[EventDate "2010.10.28"]
[EventType "swiss"]
[EventRounds "9"]
[EventCountry "RUS"]
[SourceTitle "EXT 2011"]
[Source "ChessBase"]
[SourceDate "2010.11.26"]
[SourceVersion "1"]
[SourceVersionDate "2010.11.26"]
[SourceQuality "1"]

1. d4 e6 2. c4 f5 3. Nc3 Nf6 4. Qc2 d5 5. Bf4 Bd6 6. Bxd6 Qxd6 7. e3 0-0 8. Nf3 Ne4 9. Bd3 c6 10. 0-0 Nd7 11. Ne2 Ndf6 12. c5 Qe7 13. Ne5 Nd7 14. b4 a5 15. a3 Nxe5 16. dxe5 Qc7 17. f4 b5 18. Bxe4 fxe4 19. a4 bxa4 20. Rxa4 Ba6 21. Rfa1 Bd3 22. Qd2 Qb7 23. bxa5 Rfb8 24. Nd4 Kf7 25. Qd1 g6 26. Qe1 Qb2 27. R4a2 Qxa2 28. Rxa2 Rb1 29. Qxb1 Bxb1 30. Rb2 Bd3 31. Rb7+ Kg8 32. Nxc6 Ra6 33. Rb6 Bb5 34. Rxa6 Bxa6 35. Nb8 1-0

[Event "Chigorin Memorial 18th"]
[Site "St Petersburg"]
[Date "2010.10.31"]
[Round "4"]
[White "Ryzhkov, Vjacheslav"]
[Black "Dolzhikova, Kateryna"]
[Result "1/2-1/2"]
[WhiteElo "2104"]
[BlackElo "2298"]
[PlyCount "99"]
[EventDate "2010.10.28"]
[EventType "swiss"]
[EventRounds "9"]
[EventCountry "RUS"]
[SourceTitle "EXT 2011"]
[Source "ChessBase"]
[SourceDate "2010.11.26"]
[SourceVersion "1"]
[SourceVersionDate "2010.11.26"]
[SourceQuality "1"]

1. e4 c5 2. c3 e6 3. d4 d5 4. e5 Qb6 5. Nf3 Nc6 6. Be2 Nh6 7. Bxh6 gxh6 8. Qd2 Bd7 9. 0-0 0-0-0 10. Na3 Rg8 11. Nc2 Qc7 12. Ne3 f6 13. exf6 Qf4 14. Nc4 Qxf6 15. Nce5 h5 16. Nxc6 Bxc6 17. Qe3 Bh6 18. Qe5 Qf7 19. Bd1 Bb5 20. Re1 Rde8 21. Qd6 Bf8 22. Qe5 Bh6 23. Qd6 b6 24. a4 Bf8 25. Qe5 Bd7 26. a5 b5 27. a6 c4 28. g3 Be7 29. Qe2 h4 30. Ne5 Qf6 31. Ra5 hxg3 32. fxg3 Bd6 33. Rf1 Qd8 34. Ra1 Ref8 35. Bc2 Qe7 36. Qh5 Be8 37. Rxf8 Qxf8 38. Qxh7 Bxe5 39. Qb7+ Kd8 40. dxe5 Qc5+ 41. Kg2 Rf8 42. Rf1 Rxf1 43. Kxf1 Qe3 44. Qb8+ Ke7 45. Qd6+ Kf7 46. Bg6+ Kxg6 47. Qxe6+ Kg7 48. Qxe8 Qc1+ 49. Kg2 Qxb2+ 50. Kh3 1/2-1/2

[Event "Alushta June-B"]
[Site "Alushta"]
[Date "2009.06.04"]
[Round "3"]
[White "Obukhov, Alexander"]
[Black "Ryzhkov, Vjacheslav"]
[Result "1-0"]
[WhiteElo "2409"]
[BlackElo "2080"]
[PlyCount "81"]
[EventDate "2009.06.02"]
[EventType "tourn"]
[EventRounds "11"]
[EventCountry "UKR"]
[SourceTitle "CBM 130 Extra"]
[Source "ChessBase"]
[SourceDate "2009.07.02"]
[SourceVersion "2"]
[SourceVersionDate "2009.07.15"]
[SourceQuality "1"]

1. c4 f5 2. g3 Nf6 3. Bg2 g6 4. Nc3 Bg7 5. e4 d6 6. exf5 gxf5 7. d4 Nc6 8. d5 Ne5 9. f4 Neg4 10. h3 Nh6 11. Nf3 0-0 12. 0-0 c6 13. Be3 Qe8 14. Ng5 Nf7 15. Nxf7 Rxf7 16. Qf3 Bd7 17. Rfe1 e5 18. dxe6 Bxe6 19. Bd4 Qd7 20. b3 Ne4 21. Rad1 Rd8 22. Kh2 d5 23. cxd5 Bxd5 24. Bxg7 Rxg7 25. Nxe4 fxe4 26. Qe3 Re8 27. Qxa7 Qf5 28. Qe3 h5 29. Rd4 Qg6 30. a4 Kh8 31. Rg1 Rf7 32. Bf1 Qd6 33. h4 Qa3 34. Bc4 Bxc4 35. Rxc4 Rd7 36. Rxe4 Rxe4 37. Qxe4 Rd2+ 38. Kh3 Qb2 39. Rh1 Qxb3 40. Qe8+ Kg7 41. Re1 1-0

[Event "St Petersburg Spassky CC Rating"]
[Site "St Petersburg"]
[Date "2007.01.27"]
[Round "5"]
[White "Korchevsky, Mikhail"]
[Black "Ryzhkov, Vjacheslav"]
[Result "1/2-1/2"]
[WhiteElo "2030"]
[BlackElo "2067"]
[PlyCount "61"]
[EventDate "2007.01.13"]
[EventType "tourn"]
[EventRounds "9"]
[EventCountry "RUS"]
[SourceTitle "EXT 2019"]
[Source "ChessBase"]
[SourceDate "2018.10.10"]
[SourceVersion "1"]
[SourceVersionDate "2018.10.10"]
[SourceQuality "1"]

1. g3 f5 2. Bg2 Nf6 3. d4 g6 4. Nf3 Bg7 5. 0-0 0-0 6. c4 d6 7. Nc3 Qe8 8. Bf4 h6 9. Nd5 Nxd5 10. cxd5 g5 11. Bc1 Nd7 12. e3 Nf6 13. Qb3 Kh8 14. Ne1 Qh5 15. Nd3 f4 16. exf4 Bh3 17. fxg5 Ng4 18. Nf4 Rxf4 19. Bxf4 hxg5 20. Bd2 Rf8 21. Bf3 Rxf3 22. Qxf3 Bxf1 23. Re1 Bc4 24. h4 gxh4 25. Re4 hxg3 26. Qxg3 Nh6 27. Bxh6 Bxh6 28. Rh4 Qd1+ 29. Kh2 Qd2 30. Qf3 Qg5 31. Rh5 1/2-1/2

[Event "St Petersburg Spassky CC Rating"]
[Site "St Petersburg"]
[Date "2007.01.25"]
[Round "4"]
[White "Ryzhkov, Vjacheslav"]
[Black "Timchenko, Aleksandr"]
[Result "1/2-1/2"]
[WhiteElo "2067"]
[BlackElo "2112"]
[PlyCount "32"]
[EventDate "2007.01.13"]
[EventType "tourn"]
[EventRounds "9"]
[EventCountry "RUS"]
[SourceTitle "EXT 2019"]
[Source "ChessBase"]
[SourceDate "2018.10.10"]
[SourceVersion "1"]
[SourceVersionDate "2018.10.10"]
[SourceQuality "1"]

1. e4 g6 2. d4 Bg7 3. Nf3 c6 4. c4 d5 5. cxd5 cxd5 6. exd5 Nf6 7. Bb5+ Bd7 8. Bc4 0-0 9. 0-0 Bg4 10. Qb3 Bxf3 11. Qxf3 Nbd7 12. Nc3 Ne8 13. Re1 Nd6 14. Bd3 Bxd4 15. Bh6 Re8 16. Qf4 Bf6 1/2-1/2

[Event "St Petersburg Spassky CC Rating"]
[Site "St Petersburg"]
[Date "2007.01.20"]
[Round "3"]
[White "Paikin, Andrey"]
[Black "Ryzhkov, Vjacheslav"]
[Result "0-1"]
[WhiteElo "2002"]
[BlackElo "2067"]
[PlyCount "62"]
[EventDate "2007.01.13"]
[EventType "tourn"]
[EventRounds "9"]
[EventCountry "RUS"]
[SourceTitle "EXT 2019"]
[Source "ChessBase"]
[SourceDate "2018.10.10"]
[SourceVersion "1"]
[SourceVersionDate "2018.10.10"]
[SourceQuality "1"]

1. d4 f5 2. c4 Nf6 3. g3 g6 4. Bg2 Bg7 5. Nf3 d6 6. 0-0 0-0 7. Nc3 Qe8 8. e3 c6 9. Rb1 Qf7 10. Qd3 h6 11. b4 Ne4 12. Ne2 Be6 13. Nd2 Nxd2 14. Qxd2 Bxc4 15. a3 Nd7 16. Bb2 Nf6 17. Rfc1 Ne4 18. Qc2 Bb3 19. Qd3 Ba2 20. Ra1 Qb3 21. Qxb3+ Bxb3 22. b5 c5 23. Rab1 Ba2 24. Ra1 Bf7 25. Nc3 cxd4 26. Nxe4 fxe4 27. Rc7 dxe3 28. Bxg7 exf2+ 29. Kf1 Kxg7 30. Rxe7 Kg8 31. Rxb7 Bc4# 0-1

[Event "St Petersburg Spassky CC Rating"]
[Site "St Petersburg"]
[Date "2007.01.18"]
[Round "2"]
[White "Ryzhkov, Vjacheslav"]
[Black "Sokolov, Nikolay"]
[Result "1-0"]
[WhiteElo "2067"]
[BlackElo "2078"]
[PlyCount "49"]
[EventDate "2007.01.13"]
[EventType "tourn"]
[EventRounds "9"]
[EventCountry "RUS"]
[SourceTitle "EXT 2019"]
[Source "ChessBase"]
[SourceDate "2018.10.10"]
[SourceVersion "1"]
[SourceVersionDate "2018.10.10"]
[SourceQuality "1"]

1. e4 c5 2. Na3 d6 3. g3 Nf6 4. Bg2 Nc6 5. Ne2 g6 6. 0-0 Bg7 7. c3 0-0 8. f4 e6 9. Nc2 d5 10. e5 Nd7 11. d3 Qb6 12. g4 g5 13. fxg5 Ndxe5 14. Ng3 c4+ 15. d4 Nd3 16. Nh5 Nxc1 17. Qxc1 e5 18. Nf6+ Bxf6 19. gxf6 Kh8 20. Bxd5 Bxg4 21. Kh1 Rg8 22. Qh6 Rg6 23. Qh4 Qxb2 24. Ne3 Be2 25. Bxf7 1-0